| 000 | 00618nac a22001931u 4500 | ||
|---|---|---|---|
| 008 | 100901t2003 xxu|||||r|||| 00| 0 eng d | ||
| 010 | _a88005737 | ||
| 020 | _a812240426x | ||
| 082 | 0 | 0 |
_a621.811 _bRAO _222 |
| 100 |
_aRao, J. S. _917777 |
||
| 245 | 1 | 0 |
_aMechanism and Machine Theory / _cJ.S. Rao, R.V. Dukkipati. |
| 250 | _a2nd ed. | ||
| 260 |
_aNew Delhi : _bNew Age International, _c2003. |
||
| 300 |
_a605 p. : _bill. ; _c25 cm. |
||
| 504 | _aIncludes bibliographical references. | ||
| 650 | 0 |
_aMechanical engineering. _917778 |
|
| 700 | 1 |
_aDukkipati, Rao V. _917779 |
|
| 942 |
_cBB _k621.811 RAO _2ddc |
||
| 999 |
_c827 _d827 |
||